000 00207nam a2200097 4500
999 _c530013
_d530013
040 _cDLC
082 _a823.914
_bBAS
100 _aBasu, Partha
_923285
245 _aThe Curious Case of 221B
942 _2ddc
_cBK